| 000 | 01243nam a22003857a 4500 | ||
|---|---|---|---|
| 003 | CHAP | ||
| 005 | 20220329133135.0 | ||
| 008 | 971013s1988 r 00010 d | ||
| 010 | _a2614 | ||
| 011 | _a3586 | ||
| 035 | _a2787 | ||
| 040 | _cCHAP | ||
| 090 | _aFolleto 12717 | ||
| 100 | 0 | 0 |
_aDurán Alvarez, José Luis. _934665 |
| 245 | _aCartografía y fotointerpretación de suelos | ||
| 260 |
_aLa Habana, Cuba : _bMinisterio de Educación Superior, _c1988 |
||
| 300 |
_a92 p. _b: ilus |
||
| 490 |
_aESCAH _v; 6 |
||
| 500 | _aD46-155 | ||
| 590 |
_aBATCH-UPD _b10 _c20130109 _lUCH01 _h2331 |
||
| 590 |
_aBATCH-UPD _b10 _c20130110 _lUCH01 _h2023 |
||
| 590 |
_aBATCH-UPD _b10 _c20130409 _lUCH01 _h1857 |
||
| 590 |
_aBATCH-UPD _b10 _c20130410 _lUCH01 _h1341 |
||
| 590 |
_aBATCH-UPD _b10 _c20130914 _lUCH01 _h0853 |
||
| 590 |
_aCONVERSION _b10 _c20130109 _lUCH01 _h1303 |
||
| 650 | 1 | 4 |
_aCartografía. _919644 |
| 650 | 1 | 4 |
_aFotointerpretación. _942728 |
| 700 | 0 |
_aGarcía Rudnikas, Joaquín. _946561 |
|
| 700 | 0 |
_aIzquierdo Vega, Ricardo. _960760 |
|
| 830 | 0 |
_aESCAH _v; 6 _937379 |
|
| 901 | _aBK | ||
| 942 | _cFOLL | ||
| 949 |
_aFolleto 12717 _bBC _cFOLL _d-12294 _eTS1 _i2787 _mD _si |
||
| 949 |
_aFolleto 12717 _bBC _cFOLL _d-72481 _eTS2 _fc.2 _i2787 _mD _si |
||
| 999 |
_c2614 _d2614 |
||